[Event "Moncada Cup-F"]
[Site "Santiago de Cuba"]
[Date "2019.03.28"]
[Round "9.1"]
[White "Vispo Silega, Yadiel"]
[Black "Mora Osoria, Alberto"]
[Result "1-0"]
[WhiteElo "2049"]
[BlackElo "2007"]
[PlyCount "77"]
[EventDate "2019.03.20"]
[EventType "tourn"]
[EventRounds "10"]
[EventCountry "CUB"]
[SourceTitle "EXT 2023"]
[Source "ChessBase"]
[SourceDate "2022.10.05"]
[SourceVersion "1"]
[SourceVersionDate "2022.10.05"]
[SourceQuality "1"]

1. e4 c5 2. c4 Nc6 3. Nf3 e6 4. Nc3 g6 5. d4 Bg7 6. d5 Nd4 7. Bd3 d6 8. 0-0 Ne7 9. Nxd4 cxd4 10. Ne2 e5 11. f4 f5 12. fxe5 dxe5 13. Kh1 0-0 14. Bd2 f4 15. b4 g5 16. c5 g4 17. g3 f3 18. Nc1 Ng6 19. Bc4 Kh8 20. Nd3 h5 21. Qc1 Bf6 22. Rf2 Rf7 23. Kg1 h4 24. b5 Rh7 25. c6 bxc6 26. bxc6 hxg3 27. hxg3 Bh4 28. Rh2 Bxg3 29. Rxh7+ Kxh7 30. Bg5 Qf8 31. Qd2 Nf4 32. Nxf4 exf4 33. Qxd4 Kg6 34. Qe5 Ba6 35. Be7 Qh6 36. Qf6+ Kh7 37. Qxh6+ Kxh6 38. Bxa6 Kg6 39. c7 1-0

[Event "Santiago de Cuba Province-ch tt"]
[Site "Santiago de Cuba"]
[Date "2018.10.16"]
[Round "10.1"]
[White "Vispo Silega, Yadiel"]
[Black "Mora Osoria, Alberto"]
[Result "1/2-1/2"]
[WhiteElo "1988"]
[BlackElo "1998"]
[PlyCount "25"]
[EventDate "2018.10.09"]
[EventType "team-tourn"]
[EventRounds "10"]
[EventCountry "CUB"]
[SourceTitle "EXT 2021"]
[Source "ChessBase"]
[SourceDate "2020.10.23"]
[SourceVersion "1"]
[SourceVersionDate "2020.10.23"]
[SourceQuality "1"]

1. e4 e5 2. Nf3 Nc6 3. Bc4 Nf6 4. d3 Be7 5. Nc3 0-0 6. Bg5 d6 7. Qd2 Be6 8. Bxe6 fxe6 9. 0-0-0 a6 10. Kb1 d5 11. h3 d4 12. Ne2 Bd6 13. g4 1/2-1/2

[Event "Santiago de Cuba Province-ch tt"]
[Site "Santiago de Cuba"]
[Date "2018.10.12"]
[Round "5.1"]
[White "Mora Osoria, Alberto"]
[Black "Vispo Silega, Yadiel"]
[Result "0-1"]
[WhiteElo "1998"]
[BlackElo "1988"]
[PlyCount "104"]
[EventDate "2018.10.09"]
[EventType "team-tourn"]
[EventRounds "10"]
[EventCountry "CUB"]
[SourceTitle "EXT 2021"]
[Source "ChessBase"]
[SourceDate "2020.10.23"]
[SourceVersion "1"]
[SourceVersionDate "2020.10.23"]
[SourceQuality "1"]

1. e4 c5 2. Nf3 d6 3. d4 cxd4 4. Nxd4 Nf6 5. Nc3 a6 6. Bg5 Nbd7 7. f4 e6 8. Qf3 Qc7 9. 0-0-0 Be7 10. g4 h6 11. Bxf6 Bxf6 12. h4 Qb6 13. Nb3 Be7 14. Be2 Nc5 15. e5 Nxb3+ 16. axb3 d5 17. f5 Bd7 18. g5 hxg5 19. f6 gxf6 20. hxg5 0-0-0 21. gxf6 Bc5 22. Qg3 Bf2 23. Qf3 Qe3+ 24. Kb1 Qxf3 25. Bxf3 Bg3 26. Na4 Bxe5 27. Nb6+ Kc7 28. Nxd7 Rxh1 29. Nxe5 Rxd1+ 30. Bxd1 Rh8 31. Nxf7 Rh1 32. Kc1 Rf1 33. Ne5 Rxf6 34. Bg4 Kd6 35. Nd3 e5 36. Bc8 Rf7 37. b4 Rc7 38. Bh3 e4 39. Nf4 Rh7 40. Bc8 d4 41. Kd2 Rf7 42. Ne2 Ke5 43. b3 Rc7 44. Bh3 Rf7 45. Bc8 Rf1 46. Bg4 e3+ 47. Kd3 Rd1+ 48. Kc4 Rd2 49. c3 d3 50. Nd4 e2 51. Nf3+ Kf4 52. Nxd2 Kxg4 0-1

[Event "Santiago de Cuba Province-ch tt"]
[Site "Santiago de Cuba"]
[Date "2018.10.10"]
[Round "3.2"]
[White "Mora Osoria, Alberto"]
[Black "Ruiz Bisbe, Yamir"]
[Result "0-1"]
[WhiteElo "1998"]
[BlackElo "1986"]
[PlyCount "52"]
[EventDate "2018.10.09"]
[EventType "team-tourn"]
[EventRounds "10"]
[EventCountry "CUB"]
[SourceTitle "EXT 2021"]
[Source "ChessBase"]
[SourceDate "2020.10.23"]
[SourceVersion "1"]
[SourceVersionDate "2020.10.23"]
[SourceQuality "1"]

1. e4 c5 2. Nf3 a6 3. d4 cxd4 4. Nxd4 d6 5. Nc3 Nf6 6. Bg5 e6 7. f4 Be7 8. Qf3 Nbd7 9. 0-0-0 Qc7 10. g4 b5 11. Bxf6 gxf6 12. a3 Bb7 13. Bh3 0-0-0 14. Rhg1 Kb8 15. Kb1 Rc8 16. Qe2 Nb6 17. f5 e5 18. Nb3 Rhd8 19. g5 d5 20. g6 Bxa3 21. Nxd5 Bxd5 22. exd5 Na4 23. Rg3 Bxb2 24. g7 Nc3+ 25. Rxc3 Bxc3 26. Bg2 Qd6 0-1